000 00549nam a2200157 4500
999 _c17141
_d17141
008 220607b ||||| |||| 00| 0 eng d
022 _a0732-8435
082 _aDPer 657.05 C33 Jan - Apr 2011, v. 81 n 1 - 4
100 _aGold, Jeffrey S.
_945537
245 _a2010 storm losses may provide an enhanced tax benefit.
_bJeffrey S. Gold.
260 _aNew York:
_bThe New York State Society of CPA,
_c2011.
300 _aV81 n2, pages 42-43:
_billustrations;
_c28 cm.
500 _aThe CPA Journal.
650 _aTaxation.
_945538
942 _2ddc
_cPER